Loading...
| Science - Chemistry | 0 | 8 | 0 | 0 | 80 | 17 | 74.50 | 0 | 1 | 25.77 | 37.50 |
| Science - Physics | 0 | 5 | 0 | 0 | 50 | 49 | 83.40 | 0 | 1 | 12.94 | 18.18 |
| Fine Arts - Other | 0 | 3 | 0 | 1 | 30 | 96 | 112.00 | 0 | 0 | 3.49 | 5.68 |
| History - European | 0 | 3 | 0 | 0 | 30 | 73 | 86.67 | 1 | 1 | 9.09 | 18.18 |
| Philosophy | 0 | 2 | 0 | 0 | 20 | 81 | 81.50 | 2 | 2 | 5.01 | 12.50 |
| Fine Arts - Painting and Sculpture | 0 | 2 | 0 | 0 | 20 | 41 | 73.00 | 1 | 2 | 7.14 | 14.77 |
| Social Science | 0 | 2 | 1 | 0 | 15 | 82 | 88.50 | 0 | 2 | 4.86 | 12.50 |
| Fine Arts - Classical Music | 0 | 1 | 0 | 0 | 10 | 123 | 123.00 | 0 | 0 | 0.15 | 1.14 |
| Current Events | 0 | 1 | 0 | 0 | 10 | 68 | 68.00 | 0 | 0 | 15.76 | 16.67 |
| Science - Other | 0 | 1 | 1 | 0 | 5 | 96 | 96.00 | 0 | 1 | 1.82 | 5.68 |
| Religion | 0 | 0 | 1 | 0 | -5 | 0.00 | 0 | 0 | 0.00 | 0.00 | |
| Science - Biology | 0 | 1 | 5 | 1 | -15 | 106 | 106.00 | 0 | 0 | 0.00 | 1.14 |
| History - World | 0 | 0 | 4 | 0 | -20 | 0.00 | 0 | 0 | 0.00 | 0.00 |